000 00293nam a22001337a 4500
008 181002b xxu||||| |||| 00| 0 eng d
020 _a9780078609770
041 _aeng
080 _a371
100 _a25
101 _aEDU
245 _aThe World and its People
_cBoehm,R.G
942 _2udc
_cBK
999 _c48774
_d48774